Anthropology from a pragmatic point of view /
| Huvudupphovsman: | |
|---|---|
| Övriga upphovsmän: | |
| Materialtyp: | Bok |
| Språk: | English |
| Publicerad: |
Cambridge, UK ; New York :
Cambridge University Press,
2006 [3rd printing 2010]
|
| Serie: | Cambridge texts in the history of philosophy
|
| Ämnen: | |
| Länkar: | Publisher description Table of contents only Contributor biographical information |
| Classic Catalogue: | View this record in Classic Catalogue |
| LEADER | 01905nam a2200433 a 4500 | ||
|---|---|---|---|
| 001 | 30284 | ||
| 003 | BD-DhAAL | ||
| 005 | 20230525140545.0 | ||
| 008 | 151117r20102006enk b 001 0 eng | ||
| 010 | |a 2006620911 | ||
| 020 | |a 052185556X (hbk.) | ||
| 020 | |a 0521671655 (pbk.) | ||
| 024 | 3 | |a 9780521855563 (hbk.) | |
| 024 | 3 | |a 9780521671651 (pbk.) | |
| 035 | |a (CStRLIN)PATGB30110476-B | ||
| 035 | |a (PPT)b30110476 | ||
| 040 | |a UKM |c UKM |d BAKER |d BWKUK |d PPT |d DLC |d BD-DhAAL | ||
| 041 | 1 | |a eng | |
| 042 | |a lccopycat | ||
| 050 | 0 | 0 | |a B2799.A572 |b E5 2006 |
| 082 | 0 | 0 | |a 128 |2 22 |
| 100 | 1 | |a Kant, Immanuel, |d 1724-1804. |9 12762 | |
| 240 | 0 | 0 | |a Anthropologie in pragmatischer Hinsicht. |l English. |
| 245 | 1 | 0 | |a Anthropology from a pragmatic point of view / |c Immanuel Kant ; translated and edited by Robert B. Louden ; with an introduction by Manfred Kuehn. |
| 260 | |a Cambridge, UK ; |a New York : |b Cambridge University Press, |c 2006 [3rd printing 2010] | ||
| 300 | |a xxxix, 246 p. ; |c 24 cm. | ||
| 490 | 0 | |a Cambridge texts in the history of philosophy | |
| 504 | |a Includes bibliographical references (p. xxxiii-xxxv) and index. | ||
| 541 | |e 30284 | ||
| 650 | 0 | |a Philosophical anthropology. |9 16289 | |
| 650 | 0 | |a Human beings. |9 15717 | |
| 650 | 0 | |a Psychology |v Early works to 1850. |9 16290 | |
| 700 | 1 | |a Louden, Robert B., |d 1953- |9 16291 | |
| 856 | 4 | 2 | |3 Publisher description |u http://www.loc.gov/catdir/enhancements/fy0703/2006620911-d.html |
| 856 | 4 | 1 | |3 Table of contents only |u http://www.loc.gov/catdir/enhancements/fy0703/2006620911-t.html |
| 856 | 4 | 2 | |3 Contributor biographical information |u http://www.loc.gov/catdir/enhancements/fy0733/2006620911-b.html |
| 942 | |2 ddc |c BK | ||
| 999 | |c 36192 |d 36192 | ||
| 952 | |0 0 |1 0 |2 ddc |4 0 |6 128_000000000000000_KAN |7 0 |9 56906 |a BRACUL |b BRACUL |c GEN |d 2015-11-17 |e Karim International |g 2078.00 |l 2 |m 2 |o 128 KAN |p 3010030284 |r 2025-08-10 |s 2025-07-20 |t 1 |w 2015-11-17 |y BK | ||